| 000 | 00668nam a22001697a 4500 | ||
|---|---|---|---|
| 999 |
_c11611 _d11611 |
||
| 008 | 181213b ||||| |||| 00| 0 eng d | ||
| 082 |
_22017 _aUT 1086 _bT11 |
||
| 100 |
_aTabañag, Joela Ace R. _933247 |
||
| 245 |
_aForecasting vehicular accidents in Digos City from 2012-2016 / _cJoela Ace R. TabañAG, John Rex S. Dalapo, and Ana Marie D. Relativo |
||
| 260 |
_aDigos City: _bUMDC _cNovember 2017. |
||
| 300 |
_a36 pages ; _c29 cm. |
||
| 650 |
_aCriminal Justice Education _vCriminology _xUndergraduate Thesis. _933107 |
||
| 700 |
_aTabañag, Joela Ace R. _933247 |
||
| 700 |
_aDalapo, John Rex S. _933248 |
||
| 700 |
_aRelativo, Ana Marie D. _933249 |
||
| 942 |
_2ddc _cUT |
||